| 000 | 00705nam a2200205 i 4500 | ||
|---|---|---|---|
| 001 | 186890 | ||
| 003 | ES-MaACL | ||
| 005 | 20250907063137.0 | ||
| 008 | 170227s1931 sp |||| | spa d | ||
| 100 | 1 |
_aPalma, Angélica, _d1878-1935 _988606 |
|
| 245 | 1 | 0 |
_aFernán Caballero, la novelista novelable / _cpor Angélica Palma. |
| 250 | _a1ª ed. | ||
| 260 |
_aMadrid : _bEspasa-Calpe, _c1931. |
||
| 300 |
_a222 p., [2] p. lám. ; _c19 cm. |
||
| 490 | 1 |
_aVidas Españolas e Hispanoamericanas del Siglo XIX ; _v16 |
|
| 600 | 0 | 4 |
_aCaballero, Fernán. _933079 |
| 830 | 0 | 0 |
_aVidas españolas e hispanoamericanas del siglo XIX _v16 _9192640 |
| 852 |
_aES-MaACL _jC-23227 |
||
| 999 |
_c186890 _d186890 |
||